| 000 | 00365nam a2200133 4500 | ||
|---|---|---|---|
| 005 | 20260429143638.0 | ||
| 020 | _a9789381991732 | ||
| 082 |
_a342.54085 _bSEN.L |
||
| 084 | _2Colon Classification | ||
| 245 |
_aLaw of the Indian constitution of human rights / _cSen, A K |
||
| 260 |
_aNew Delhi : _bSwastik publications, _c2024. |
||
| 300 | _a248p. | ||
| 942 |
_2ddc _cBK |
||
| 999 |
_c759175 _d759175 |
||